Statistics for Characters Played by Different Actors #5

Click here to take the quiz!

General Stats

  • This quiz has been taken 350 times
    (349 since last reset)
  • The average score is 7 of 20

Answer Stats

Actors Character % Correct
George Lazenby; Daniel CraigJames Bond
96%
Val Kilmer; Ben Affleck*Batman
87%
Brian Cox; Anthony HopkinsHannibal Lecter
71%
George Reeves; Henry CavillSuperman
69%
Tommy Lee Jones; Josh BrolinAgent K
48%
Ian Holm; Martin FreemanBilbo Baggins
48%
Basil Rathbone; Peter CushingSherlock Holmes
41%
Edward Furlong;
Christian Bale
John Connor
33%
Alec Baldwin; Ben AffleckJack Ryan
32%
Brandon Lee; Edward FurlongThe Crow
30%
John Pertwee; Colin BakerThe Doctor
30%
Terrence Howard;
Don Cheadle
Lt. Col. James Rhodes
24%
Margaret Hamilton; Mila KunisThe Wicked Witch of the West
23%
Helen Mirren; John CleeseQueen Elizabeth I
16%
John Cleese; Richard GereLancelot
12%
Jack Palance; Gerard ButlerCount Dracula
11%
Sean Connery; John CleeseRobin Hood
6%
John Voight; Bill MurrayFranklin Roosevelt
5%
Orson Welles; Leonard NimoyUnicron
4%
Jackie Chan; Jet LiWong Fei-Hung
1%

Score Distribution

Percentile by Number Answered

Percent of People with Each Score

Your Score History

You have not taken this quiz since the last reset